000 00505cam a22001932 4500
001 0000001042
005 20170406113059.0
008 131122s xx 000 0 eng d
020 _c$
040 _aYour Holding Symbol
_cYour Holding Symbol
100 1 _aHostetler,A,John.
245 1 4 _aThe hutterites in north america.
250 _a ed.
260 _anew york :
_bHolt,
_c1965.
300 _a119 p. ;
_c cm.
504 _areference.
650 0 _ahistory.
908 _a131122
999 _c961
_d961